| 000 | 00536nam a2200193Ia 4500 | ||
|---|---|---|---|
| 003 | OSt | ||
| 005 | 20240530123516.0 | ||
| 008 | 210210b1999 xxu||||| |||| 00| 0 eng d | ||
| 040 | _cAL | ||
| 041 | _aKonkani | ||
| 082 | _a891.468 REGK | ||
| 100 |
_aREGO (Gladys) _999974 _dಗ್ಲೇಡಿಸ್ ರೇಗೊ |
||
| 245 |
_aKonkni kvij. _bಕೊಂಕ್ಣಿ ಕ್ವಿಜ್ |
||
| 260 |
_aManglur. _bAkash Prakashan _c1999 |
||
| 300 | _a102 | ||
| 690 |
_aKonkani Miscellaneous _999975 |
||
| 906 | _a055060 | ||
| 942 |
_2ddc _cBK |
||
| 999 |
_c103001 _d103001 |
||